[Event "Senior DM 2019-65+"]
[Site "Aarhus"]
[Date "2019.02.17"]
[Round "7"]
[White "Matras, Ove"]
[Black "Markussen, Benno Orvad"]
[Result "1/2-1/2"]
[WhiteElo "1826"]
[BlackElo "1739"]
[EventDate "2019.02.09"]
[EventType "swiss"]
[EventRounds "7"]
[EventCountry "DEN"]

1. b3 e5 2. e3 Nc6 3. Bb2 Nf6 4. Nf3 d6 5. d4 exd4 6. Nxd4 Nxd4 7. Bxd4 Be7 8.
Bd3 Bg4 9. f3 Bh5 10. Nd2 Bg6 11. Qe2 Bxd3 12. Qxd3 Qd7 13. c4 O-O 14. g4 Ne8
15. h4 Bf6 16. g5 Bxd4 17. Qxd4 Qe6 18. Ke2 Qe5 19. Rae1 f5 20. f4 Qxd4 21.
exd4 Rf7 22. Kd3 c6 23. Re6 Rd8 24. Rhe1 Nc7 25. R6e3 g6 26. b4 Kf8 27. h5 gxh5
28. Rh1 Re8 29. Rxe8+ Kxe8 30. Rxh5 Ne6 31. Rh4 Nf8 32. Ke3 Kd7 33. Rh1 Re7+
34. Kf3 Ne6 35. Nb3 b6 36. a4 a6 37. b5 cxb5 38. axb5 axb5 39. cxb5 Nc7 40. Ra1
Nd5 41. Ra7+ Ke8 42. Rxe7+ Kxe7 43. Nd2 Nc3 44. Nc4 Nxb5 45. Ke3 Nc7 46. Nxb6
d5 47. Na4 Kf7 48. Nc3 Kg6 49. Ne2 h6 50. gxh6 Kxh6 51. Ng3 Kg6 1/2-1/2

[Event "Senior DM 2019-65+"]
[Site "Aarhus"]
[Date "2019.02.17"]
[Round "7"]
[White "Mikkelsen, Peter Jorgen Dam"]
[Black "Thomassen, Ulrik"]
[Result "1-0"]
[WhiteElo "2070"]
[BlackElo "1917"]
[EventDate "2019.02.09"]
[EventType "swiss"]
[EventRounds "7"]
[EventCountry "DEN"]

1. d4 Nf6 2. c4 g6 3. Nc3 Bg7 4. e4 d6 5. Bg5 h6 6. Be3 Ng4 7. Bc1 c5 8. d5 Bd4
9. Nh3 h5 10. Qe2 Bg7 11. f3 Ne5 12. Nf2 e6 13. Be3 O-O 14. Qd2 Qe7 15. Be2 Na6
16. O-O-O exd5 17. exd5 b6 18. Rde1 Re8 19. f4 Nd7 20. Bf3 Qf8 21. g4 hxg4 22.
Nxg4 Nf6 23. Nxf6+ Bxf6 24. Ne4 Bg7 25. h4 Nb4 26. Ng3 Ba6 27. b3 b5 28. a3 Bc3
29. Qe2 Bxe1 30. Rxe1 Qg7 31. axb4 Qa1+ 32. Kc2 Qa2+ 33. Kc3 Qa3 34. cxb5 Qxb4+
35. Kb2 Bxb5 36. Qd2 a5 37. Qxb4 axb4 38. Ne4 Red8 39. h5 Kg7 40. f5 1-0

[Event "Senior DM 2019-65+"]
[Site "Aarhus"]
[Date "2019.02.17"]
[Round "7"]
[White "Mortensen, Steen Juul"]
[Black "Overmark, Ole"]
[Result "1/2-1/2"]
[WhiteElo "1913"]
[BlackElo "1740"]
[EventDate "2019.02.09"]
[EventType "swiss"]
[EventRounds "7"]
[EventCountry "DEN"]

1. d4 Nf6 2. c4 c5 3. e3 cxd4 4. exd4 d6 5. Nc3 g6 6. g3 Bg7 7. Bg2 a6 8. h3
O-O 9. Be3 Qc7 10. Rc1 e6 11. Qd2 Re8 12. b3 Nc6 13. Nf3 Rb8 14. d5 Ne7 15.
dxe6 Bxe6 16. O-O Qd7 17. Ng5 Nf5 18. Bf4 Rbd8 19. Nxe6 fxe6 20. Rfd1 e5 21.
Bg5 Kh8 22. Nd5 Rf8 23. Nxf6 Bxf6 24. Bxf6+ Rxf6 25. Qg5 Rdf8 26. Rd2 1/2-1/2

[Event "Senior DM 2019-65+"]
[Site "Aarhus"]
[Date "2019.02.17"]
[Round "7"]
[White "Petersen, Peter Birk"]
[Black "Hartung Nielsen, Jens"]
[Result "1-0"]
[WhiteElo "2106"]
[BlackElo "2192"]
[EventDate "2019.02.09"]
[EventType "swiss"]
[EventRounds "7"]
[EventCountry "DEN"]

1. e4 c5 2. Nf3 e6 3. d4 cxd4 4. Nxd4 Nf6 5. Nc3 Nc6 6. Ndb5 Bb4 7. a3 Bxc3+ 8.
Nxc3 d5 9. exd5 exd5 10. Bd3 O-O 11. O-O d4 12. Ne2 Bg4 13. f3 Bh5 14. b4 a6
15. Nf4 Bg6 16. Nxg6 hxg6 17. f4 Qd6 18. Qf3 Rfe8 19. Bd2 Qd5 20. Qxd5 Nxd5 21.
Rae1 Rad8 22. Kf2 f5 23. g4 Nce7 24. g5 Rc8 25. Re5 Rc7 26. Rfe1 Rec8 27. Kf3
Kf7 28. h4 Rh8 29. Rh1 Nb6 30. Re2 Nc4 31. Bc1 b5 32. Kg3 Nd5 33. h5 Rxh5 34.
Rxh5 gxh5 35. Bxf5 Nde3 36. Bd3 Re7 37. Kf3 Rd7 38. Bxe3 Nxe3 39. f5 Rc7 40.
Ke4 Re7+ 41. Kxd4 Nxf5+ 42. Kc5 Rxe2 43. Bxe2 Kg6 44. c4 Ng3 45. cxb5 axb5 46.
Bxb5 h4 47. Bc6 h3 48. b5 h2 49. b6 Kf5 50. b7 Ne4+ 51. Bxe4+ Kxe4 52. b8=Q
h1=Q 53. Qb7+ 1-0

[Event "Senior DM 2019-65+"]
[Site "Aarhus"]
[Date "2019.02.17"]
[Round "7"]
[White "Simonsen, Kurt"]
[Black "Nielsen, Kaj"]
[Result "1-0"]
[WhiteElo "1657"]
[BlackElo "1648"]
[EventDate "2019.02.09"]
[EventType "swiss"]
[EventRounds "7"]
[EventCountry "DEN"]

1. e4 c5 2. Nf3 d6 3. h3 Nc6 4. Bc4 a6 5. a4 Nf6 6. d3 g6 7. c3 Bg7 8. O-O O-O
9. Be3 Nd7 10. d4 cxd4 11. Nxd4 Nde5 12. Bd3 Nxd3 13. Qxd3 Ne5 14. Qe2 Qc7 15.
Nd2 Bd7 16. f4 Nc6 17. Nxc6 Bxc6 18. a5 Rac8 19. Bb6 Qd7 20. Rab1 d5 21. Rf2
Bb5 22. Qe3 Rfe8 23. e5 e6 24. Nb3 Bf8 25. g4 Qc6 26. f5 Bc4 27. Nd4 Bc5 28. f6
Bxd4 29. Qh6 1-0

[Event "Senior DM 2019-65+"]
[Site "Aarhus"]
[Date "2019.02.17"]
[Round "7"]
[White "Strachan, Christian C"]
[Black "Larsen, Arne Walther"]
[Result "1/2-1/2"]
[WhiteElo "1912"]
[BlackElo "1752"]
[EventDate "2019.02.09"]
[EventType "swiss"]
[EventRounds "7"]
[EventCountry "DEN"]

1. e4 d6 2. d4 g6 3. Nc3 Bg7 4. Nf3 Nf6 5. h3 Nbd7 6. a4 a6 7. Be3 b6 8. Bd3 e6
9. O-O O-O 10. Qe2 c5 11. Rad1 Qc7 12. Nd2 cxd4 13. Bxd4 e5 14. Be3 Bb7 15. f3
Nh5 16. Qf2 Nc5 17. Bc4 Nf4 18. b4 Nd7 19. Ne2 d5 20. Bb3 Nxe2+ 21. Qxe2 d4 22.
Bf2 b5 23. axb5 axb5 24. Rb1 Bc6 25. Rfd1 Rfc8 26. Qd3 Nb6 27. c4 bxc4 28. Bxc4
Nxc4 29. Qxc4 Bd7 30. Qxc7 Rxc7 31. Rdc1 Rac8 32. Nb3 Rxc1+ 33. Nxc1 Bh6 34.
Nd3 Bb5 35. Nxe5 d3 36. Nxd3 Bxd3 37. Rd1 Rc1 38. Rxc1 Bxc1 39. Bc5 f6 40. Kf2
Kf7 41. h4 h5 42. g3 Ke6 43. Bd4 Bh6 44. Bc3 Bb5 1/